Normal view
MARC view
Entry Personal Name
001 - CONTROL NUMBER
- control field: 28473
003 - CONTROL NUMBER IDENTIFIER
- control field: OSt
005 - DATE AND TIME OF LATEST TRANSACTION
- control field: 20230726151808.0
008 - FIXED-LENGTH DATA ELEMENTS
- fixed length control field: 230726|| aca||aabn | a|a d
040 ## - CATALOGING SOURCE
- Original cataloging agency: OSt
- Transcribing agency: OSt
100 ## - HEADING--PERSONAL NAME
- Personal name: ငိုၼ်းယွတ်ႈ (မိူင်းယူႉ)၊
- Titles and other words associated with a name: ၶိင်း။
670 ## - SOURCE DATA FOUND
- Source citation: Work cat.: (OSt)25350: ငိုၼ်းယွတ်ႈ (မိူင်းယူႉ)၊ ၶိင်း။, ၼမ်ႉမေႃႇၶုမ်သႂ်တဵၵ်းၵိၼ်ႁင်းမၼ်းႁင်းၽႂ် /, 2018